00293nam a2200133Ia 4500008004100000041000800041100001400049245002800063260002600091300000900117520001200126520001500138650000600153230605s2004 xx 000 0 und d aeng aChoudhari aNatural Wonders Of Asia bNew holland pubc2004 a176p aGeneral aHard Board aB